00427nam a22001337a 450000500170000000800410001704100130005808200130007110000130008424500950009726000470019230000280023965000260026720240717083237.0240717b |||||||| |||| 00| 0 eng d aEnglish  a349 SOU  lEnglish  aSouth African Law Reports : bwith which are amalgamated The All South Africa Law Reports  aCape Town: bJuta and Company Ltd, c1957  bx, 699 pages; c26 cm.  aLegal practice bLaw